000 00529nam a22001697a 4500
005 20251108175336.0
008 250721s2015 xx 000 0 ara d
082 1 4 _a303.625/عبد
100 1 _aعبدالله، عبدالله بن مسلم ولد
245 1 0 _aبيئة التطرف الديني و الإرهاب /
264 1 _aعمان :
_bدار الياقوت للطباعة،
_c2015.
300 _a198 ص.
650 1 7 _aالإرهاب
653 _aالتطرف الديني
942 _2ddc
_cBK
999 _c131879
_d131879